[Event "Politiken Cup 2008"]
[Site "Helsingør DEN"]
[Date "2008.07.19"]
[Round "1.71"]
[White "Carlstedt, Jonathan"]
[Black "Jensen, Mads"]
[Result "1-0"]
[WhiteElo "2203"]
[BlackElo "1833"]
[PlyCount "125"]
[EventDate "2008.07.20"]
[EventType "swiss"]
[EventRounds "9"]
[EventCountry "DEN"]
[Source "lmi"]
[SourceDate "2008.07.20"]
[WhiteTeam "SK Marmsdorf"]
[BlackTeam "Tjele"]

1. c4 g6 2. g3 Bg7 3. Bg2 d6 4. Nc3 c6 5. d3 Nd7 6. e3 f5 7. Nge2 e5 8. Rb1 Ne7
9. b4 O-O 10. O-O Nf6 11. f4 Be6 12. b5 Rb8 13. bxc6 bxc6 14. Rxb8 Qxb8 15. Ba3
Ng4 16. Qd2 Qc7 17. h3 Nh6 18. fxe5 Bxe5 19. d4 Bg7 20. d5 cxd5 21. Nxd5 Nxd5
22. Bxd5 Bf7 23. Nf4 Re8 24. Rb1 Rb8 25. Rxb8+ Qxb8 26. Kg2 Be5 27. Nd3 Bxd5+
28. cxd5 Nf7 29. Qb4 Qc7 30. Qb3 Bf6 31. Nf4 Ng5 32. h4 Ne4 33. Ne6 Qb6 34. Qc4
Qb8 35. Qc6 Kf7 36. Ng5+ Bxg5 37. hxg5 Ke7 38. g4 fxg4 39. Qc4 Nxg5 40. Qxg4 h6
41. Qf4 Qc7 42. Qe5+ Kf7 43. Qf4+ Ke7 44. Kg3 Nf7 45. Qe4+ Kf6 46. Qe6+ Kg7 47.
Bb2+ Kh7 48. Qf6 Ne5 49. Bxe5 dxe5 50. Kf3 h5 51. Ke4 h4 52. Qxh4+ Kg7 53. Qg5
Qc4+ 54. Kxe5 Qxa2 55. Qf6+ Kg8 56. Qxg6+ Kf8 57. Qd6+ Kf7 58. Qd7+ Kg8 59.
Qe8+ Kg7 60. Qe7+ Kg8 61. d6 Qa5+ 62. Ke6 Qb6 63. Kf6 1-0

[Event "Politiken Cup 2008"]
[Site "Helsingør DEN"]
[Date "2008.07.19"]
[Round "1.72"]
[White "Jacobsen, Mads-Holger"]
[Black "Van Zutphen, Jimmy"]
[Result "0-1"]
[WhiteElo "1831"]
[BlackElo "2201"]
[PlyCount "76"]
[EventDate "2008.07.20"]
[EventType "swiss"]
[EventRounds "9"]
[EventCountry "DEN"]
[Source "lmi"]
[SourceDate "2008.07.20"]
[WhiteTeam "K41"]
[BlackTeam "SV De Wijker Toren"]

1. d4 d5 2. c4 Bf5 3. Nc3 e6 4. Nf3 Nf6 5. Qb3 Nc6 6. a3 Rb8 7. Bg5 dxc4 8.
Qxc4 Be7 9. e3 O-O 10. Be2 h6 11. Bf4 Nd5 12. Bg3 Qd7 13. Ne5 Nxe5 14. Bxe5
Rbc8 15. Bf3 Nb6 16. Qb3 Bd3 17. Be2 Bxe2 18. Nxe2 c5 19. O-O c4 20. Qc2 Na4
21. Nc3 Nxc3 22. Qxc3 b5 23. Qa5 Qb7 24. Rfc1 Rc6 25. e4 Rfc8 26. d5 exd5 27.
exd5 Rc5 28. Bd4 Rxd5 29. Qxa7 Qxa7 30. Bxa7 Bf6 31. Rc2 Ra8 32. Bb6 Rxa3 33.
Re1 Rb3 34. Re8+ Kh7 35. g3 Rxb2 36. Rc1 c3 37. Rce1 c2 38. Be3 Rd1 0-1

[Event "Politiken Cup 2008"]
[Site "Helsingør DEN"]
[Date "2008.07.19"]
[Round "1.73"]
[White "Vanparys, Philip"]
[Black "Andersen, Guttorm"]
[Result "1-0"]
[WhiteElo "2199"]
[BlackElo "1830"]
[PlyCount "80"]
[EventDate "2008.07.20"]
[EventType "swiss"]
[EventRounds "9"]
[EventCountry "DEN"]
[Source "lmi"]
[SourceDate "2008.07.20"]
[WhiteTeam "TSM Schaakclub"]
[BlackTeam "SK Stjernen"]

1. d4 d5 2. Nf3 Nf6 3. e3 e6 4. Bd3 Nbd7 5. O-O Bd6 6. Nbd2 e5 7. e4 dxe4 8.
Nxe4 O-O 9. Nxd6 cxd6 10. Re1 Qc7 11. c3 Re8 12. Bc2 e4 13. Nd2 d5 14. f3 Nf8
15. Ba4 Re7 16. fxe4 dxe4 17. Nf1 Bf5 18. Bg5 N8d7 19. Ne3 Bg6 20. Bxd7 Qxd7
21. Bxf6 gxf6 22. Rf1 Qb5 23. Qb3 Qg5 24. Rae1 f5 25. g3 Rd8 26. Rf4 h5 27. Kg2
Kh8 28. h4 Qh6 29. Qb5 Rg8 30. Kh2 Qf8 31. Qc5 Qe8 32. Nxf5 Re6 33. d5 Re5 34.
Qd4 f6 35. Ne3 Rf8 36. Ref1 Qe7 37. d6 Qg7 38. d7 Rd8 39. Rxf6 Rxd7 40. Qxe5
Rd2+ 1-0

[Event "Politiken Cup 2008"]
[Site "Helsingør DEN"]
[Date "2008.07.19"]
[Round "1.74"]
[White "Nielsen, Kai Gylling"]
[Black "Rabus, Berthold"]
[Result "0-1"]
[WhiteElo "1829"]
[BlackElo "2198"]
[PlyCount "72"]
[EventDate "2008.07.20"]
[EventType "swiss"]
[EventRounds "9"]
[EventCountry "DEN"]
[Source "lmi"]
[SourceDate "2008.07.20"]
[WhiteTeam "Roskilde"]
[BlackTeam "SC Grunbach"]

1. e4 c5 2. Nf3 d6 3. d4 cxd4 4. Nxd4 Nf6 5. Nc3 a6 6. Bd3 e6 7. O-O Be7 8. Qe2
Qc7 9. a3 b5 10. Be3 Bb7 11. Rad1 Nbd7 12. f4 O-O 13. Nf3 e5 14. fxe5 dxe5 15.
h3 Bxa3 16. Nxb5 axb5 17. bxa3 Rxa3 18. Bxb5 Bxe4 19. Bxd7 Nxd7 20. Rxd7 Qxd7
21. Nxe5 Qd5 22. Bf4 Qd4+ 23. Kh2 Bg6 24. Nxg6 hxg6 25. Qe7 Ra6 26. Qe2 Re6 27.
Qb5 Qe4 28. Qd3 Qxd3 29. cxd3 Rd8 30. Rf3 Rd7 31. Rg3 Re1 32. Bb8 Rd1 33. d4
R1xd4 34. Re3 g5 35. Re8+ Kh7 36. Be5 Re4 0-1

[Event "Politiken Cup 2008"]
[Site "Helsingør DEN"]
[Date "2008.07.19"]
[Round "1.75"]
[White "Blomstrom, Lars"]
[Black "Rolvaag, Birk Anders"]
[Result "1/2-1/2"]
[WhiteElo "2197"]
[BlackElo "1829"]
[PlyCount "106"]
[EventDate "2008.07.20"]
[EventType "swiss"]
[EventRounds "9"]
[EventCountry "DEN"]
[Source "lmi"]
[SourceDate "2008.07.20"]
[WhiteTeam "ôrebro SS"]
[BlackTeam "Narvik"]

1. e4 c5 2. Nf3 Nc6 3. d4 cxd4 4. Nxd4 g6 5. c4 Bg7 6. Be3 Nf6 7. Nc3 d6 8. Be2
O-O 9. O-O Bd7 10. Nc2 Rc8 11. f3 b6 12. Qd2 Ne5 13. b3 h5 14. Rac1 Kh7 15.
Rfd1 Ng8 16. h3 Nf6 17. f4 Nc6 18. Bf3 Ne8 19. Nd5 f5 20. Qe2 e6 21. exf5 Rxf5
22. Ndb4 Qh4 23. Nxc6 Bxc6 24. Bxc6 Rxc6 25. Nd4 Bxd4 26. Bxd4 Qe7 27. Qe4 Rc7
28. Re1 d5 29. Qxe6 Qxe6 30. Rxe6 Ng7 31. Re2 dxc4 32. Be5 Re7 33. Rxc4 Ne6 34.
Bd6 Re8 35. Rce4 Rf6 36. Be5 Nc5 37. Rd4 Rf7 38. Red2 g5 39. b4 gxf4 40. Rxf4
Rxf4 41. Bxf4 Re1+ 42. Kf2 Re4 43. bxc5 Rxf4+ 44. Ke3 Rf6 45. Rd7+ Kg6 46. Rxa7
bxc5 47. a4 Kf5 48. Rc7 Re6+ 49. Kf3 Re5 50. Rc6 Rd5 51. Rh6 Kg5 52. Rb6 Rd3+
53. Ke4 Rd4+ 1/2-1/2

[Event "Politiken Cup 2008"]
[Site "Helsingør DEN"]
[Date "2008.07.19"]
[Round "1.76"]
[White "Ryberg, Denis"]
[Black "Eriksen, Terje"]
[Result "0-1"]
[WhiteElo "1814"]
[BlackElo "2190"]
[PlyCount "50"]
[EventDate "2008.07.20"]
[EventType "swiss"]
[EventRounds "9"]
[EventCountry "DEN"]
[Source "lmi"]
[SourceDate "2008.07.20"]
[WhiteTeam "Taastrup"]
[BlackTeam "Drammen"]

1. e4 e5 2. Nf3 Nc6 3. Bb5 a6 4. Bxc6 dxc6 5. O-O f6 6. d4 exd4 7. Qxd4 Qxd4 8.
Nxd4 c5 9. Nf3 Bg4 10. Nbd2 O-O-O 11. e5 Bh5 12. Re1 Re8 13. a4 b6 14. Ra3 f5
15. Nc4 Ne7 16. Rd3 Nc6 17. c3 Bf7 18. Ne3 Nxe5 19. Nxe5 Rxe5 20. Red1 g6 21.
Rd8+ Kb7 22. Kf1 Bb3 23. R1d7 Bxa4 24. Rf7 Be8 25. Nc4 Re6 0-1

[Event "Politiken Cup 2008"]
[Site "Helsingør DEN"]
[Date "2008.07.19"]
[Round "1.77"]
[White "Laursen, Niels Norskov"]
[Black "Lyngsjo, Gert"]
[Result "1-0"]
[WhiteElo "2190"]
[BlackElo "1811"]
[PlyCount "59"]
[EventDate "2008.07.20"]
[EventType "swiss"]
[EventRounds "9"]
[EventCountry "DEN"]
[Source "lmi"]
[SourceDate "2008.07.20"]
[WhiteTeam "K41"]
[BlackTeam "SK Bara Bønder"]

1. e4 d6 2. d4 Nf6 3. Nc3 g6 4. f4 Bg7 5. Bd3 c5 6. dxc5 dxc5 7. e5 Nfd7 8. Nf3
O-O 9. Ne4 Qb6 10. Qe2 Rd8 11. c3 Na6 12. h4 Nf8 13. h5 Bf5 14. hxg6 hxg6 15.
Bc4 Qc6 16. Neg5 Be6 17. Nxe6 Nxe6 18. O-O Nac7 19. a4 a6 20. a5 Nd5 21. Nh4
Rd7 22. f5 Nf8 23. e6 fxe6 24. fxg6 Qd6 25. Qf3 Bf6 26. Bh6 Rdd8 27. Rae1 Nd7
28. Qh5 Ne5 29. Bg5 Kf8 30. Qh8# 1-0

[Event "Politiken Cup 2008"]
[Site "Helsingør DEN"]
[Date "2008.07.19"]
[Round "1.78"]
[White "Jessen, Ernst J"]
[Black "Rossen, Claus"]
[Result "0-1"]
[WhiteElo "1810"]
[BlackElo "2187"]
[PlyCount "72"]
[EventDate "2008.07.20"]
[EventType "swiss"]
[EventRounds "9"]
[EventCountry "DEN"]
[Source "lmi"]
[SourceDate "2008.07.20"]
[WhiteTeam "Gråsten"]
[BlackTeam "Tjele"]

1. e4 c5 2. Nf3 e6 3. d4 cxd4 4. Nxd4 a6 5. c3 Qc7 6. Bd3 Nc6 7. Be3 b5 8. Nxc6
Qxc6 9. Qe2 Bb7 10. f3 Nf6 11. Nd2 d5 12. O-O Be7 13. Kh1 O-O 14. e5 Nd7 15.
Bd4 Nc5 16. Bc2 a5 17. Rfe1 Bg5 18. Red1 b4 19. Qf2 Na4 20. Bxa4 Qxa4 21. f4
Be7 22. Nf3 bxc3 23. bxc3 Ba6 24. Rd2 Rab8 25. h3 Qa3 26. Kh2 Rb5 27. Ne1 Rfb8
28. Nd3 Rb1 29. Rxb1 Rxb1 30. Qe3 Bxd3 31. Qxd3 Qc1 32. Kg3 g5 33. fxg5 Bxg5
34. Rf2 Rb2 35. Qf3 Rxf2 36. Qxf2 Kf8 0-1

[Event "Politiken Cup 2008"]
[Site "Helsingør DEN"]
[Date "2008.07.19"]
[Round "1.81"]
[White "Reyer, Ulli"]
[Black "Kelder, Sjoerd"]
[Result "1/2-1/2"]
[WhiteElo "2178"]
[BlackElo "1798"]
[PlyCount "30"]
[EventDate "2008.07.20"]
[EventType "swiss"]
[EventRounds "9"]
[EventCountry "DEN"]
[Source "lmi"]
[SourceDate "2008.07.20"]
[WhiteTeam "Greiffswalder"]
[BlackTeam "HSV de Eenhoorn"]

1. e4 c5 2. Nf3 e6 3. c3 Nc6 4. d4 d5 5. exd5 Qxd5 6. Be3 cxd4 7. cxd4 Bb4+ 8.
Nc3 Nf6 9. a3 Bxc3+ 10. bxc3 O-O 11. c4 Qa5+ 12. Qd2 Qxd2+ 13. Bxd2 e5 14. d5
e4 15. Ng1 Nd4 1/2-1/2

[Event "Politiken Cup 2008"]
[Site "Helsingør DEN"]
[Date "2008.07.19"]
[Round "1.82"]
[White "Christensen, Casper"]
[Black "Nguyen, Michael"]
[Result "0-1"]
[WhiteElo "1795"]
[BlackElo "2174"]
[PlyCount "140"]
[EventDate "2008.07.20"]
[EventType "swiss"]
[EventRounds "9"]
[EventCountry "DEN"]
[Source "lmi"]
[SourceDate "2008.07.20"]
[WhiteTeam "Skovbo"]
[BlackTeam "Rokaden"]

1. b3 d5 2. Bb2 Nf6 3. e3 c5 4. d4 Nc6 5. Nf3 Bg4 6. Be2 e6 7. O-O Bd6 8. Nbd2
Rc8 9. c4 O-O 10. Rc1 cxd4 11. Nxd4 Bxe2 12. Qxe2 Bb8 13. cxd5 Nxd4 14. Bxd4
Qxd5 15. Bb2 Rfd8 16. e4 Qa5 17. a3 Rxc1 18. Rxc1 Bf4 19. Nc4 Qg5 20. Rf1 Bc7
21. h3 Qf4 22. e5 Nd5 23. Rd1 h6 24. Rd4 Qf5 25. Rd1 Qg5 26. Qf3 a6 27. Rd4 h5
28. h4 Qg6 29. Qd3 Qxd3 30. Rxd3 b5 31. Nd2 Nf4 32. Rxd8+ Bxd8 33. g3 Nd5 34.
Ne4 Bb6 35. Kf1 Kf8 36. Ke2 Ke7 37. Kd3 Kd7 38. Bd4 Bd8 39. Nc5+ Kc6 40. Nxa6
Bb6 41. b4 Bd8 42. f4 g6 43. Nc5 Ne7 44. Ke4 Nf5 45. Bf2 Bb6 46. Kf3 Bxc5 47.
Bxc5 Kd5 48. Kg2 Kc4 49. Kh3 Nh6 50. Kg2 Nf5 51. Kh3 Kb3 52. g4 Nh6 53. gxh5
gxh5 54. Bf2 Nf5 55. Be1 Kxa3 56. Kg2 Kb3 57. Kf3 Kc4 58. Ke4 Kb3 59. Kd3 Kb2
60. Bc3+ Ka3 61. Be1 Kb3 62. Ke4 Kc4 63. Kf3 Kd3 64. Bf2 Nd4+ 65. Kg2 Nc2 66.
Bc5 Ke4 67. Kg3 Ne1 68. Be7 Nd3 69. Bd6 Nxf4 70. Kh2 Ng6 0-1

[Event "Politiken Cup 2008"]
[Site "Helsingør DEN"]
[Date "2008.07.19"]
[Round "1.83"]
[White "Akdag, Dara"]
[Black "Asmund, Erik"]
[Result "1-0"]
[WhiteElo "2172"]
[BlackElo "1779"]
[PlyCount "81"]
[EventDate "2008.07.20"]
[EventType "swiss"]
[EventRounds "9"]
[EventCountry "DEN"]
[Source "lmi"]
[SourceDate "2008.07.20"]
[WhiteTeam "BMS"]
[BlackTeam "Gråsten"]

1. d4 Nf6 2. c4 e6 3. Nf3 b6 4. g3 Bb7 5. Bg2 Be7 6. O-O d6 7. Nc3 O-O 8. Re1
c6 9. e4 h6 10. Bf4 Nbd7 11. Qe2 Re8 12. Rad1 Qc7 13. e5 Nh7 14. g4 d5 15. cxd5
cxd5 16. Nb5 Qd8 17. Rc1 Ba6 18. Bf1 Bxb5 19. Qxb5 a6 20. Qc6 b5 21. Bd2 Qc8
22. Ba5 Qxc6 23. Rxc6 Ng5 24. Nd2 Nf8 25. f4 Ngh7 26. Bd3 Rec8 27. Rec1 Rxc6
28. Rxc6 f6 29. Nb3 fxe5 30. dxe5 Bd8 31. Bxd8 Rxd8 32. Nd4 Re8 33. Rxa6 g5 34.
Bxh7+ Kxh7 35. fxg5 hxg5 36. Ra7+ Kh6 37. Nxb5 Ng6 38. Nd6 Re7 39. Nf7+ Kg7 40.
Rxe7 Nxe7 41. Nxg5 1-0

[Event "Politiken Cup 2008"]
[Site "Helsingør DEN"]
[Date "2008.07.19"]
[Round "1.84"]
[White "Larsen, Finn"]
[Black "Krasenkova, Ilena"]
[Result "0-1"]
[WhiteElo "1776"]
[BlackElo "2171"]
[PlyCount "78"]
[EventDate "2008.07.20"]
[EventType "swiss"]
[EventRounds "9"]
[EventCountry "DEN"]
[Source "lmi"]
[SourceDate "2008.07.20"]
[WhiteTeam "Frederikssund"]

1. e4 Nf6 2. Nc3 e5 3. Nf3 d6 4. Bc4 Be7 5. O-O O-O 6. h3 c6 7. Bb3 b5 8. a3 a5
9. d4 exd4 10. Nxd4 Ra6 11. Re1 b4 12. axb4 axb4 13. Rxa6 Bxa6 14. Nb1 c5 15.
Nf5 c4 16. Ba4 g6 17. Nh6+ Kg7 18. Qd4 Qa5 19. b3 Qe5 20. Qxe5 dxe5 21. bxc4
Bxc4 22. Nd2 Be6 23. Nf3 Nbd7 24. g4 Ra8 25. Bc6 Rc8 26. Bb5 Rxc2 27. Bd2 b3
28. Bd3 Rxd2 29. Nxd2 Kxh6 30. Bb1 Bb4 31. Re2 Bxd2 32. Rxd2 Nc5 33. f3 Kg5 34.
Kf2 Kf4 35. Rd1 Nfd7 36. Rg1 g5 37. Rc1 Na4 38. Ke2 Ndc5 39. Bd3 b2 0-1

[Event "Politiken Cup 2008"]
[Site "Helsingør DEN"]
[Date "2008.07.19"]
[Round "1.86"]
[White "Hansen, Herborg"]
[Black "Jorgensen, Dennis"]
[Result "0-1"]
[WhiteElo "1751"]
[BlackElo "2167"]
[PlyCount "76"]
[EventDate "2008.07.20"]
[EventType "swiss"]
[EventRounds "9"]
[EventCountry "DEN"]
[Source "lmi"]
[SourceDate "2008.07.20"]
[WhiteTeam "Klaksvikar"]
[BlackTeam "Allerød"]

1. e4 c6 2. d4 d5 3. exd5 cxd5 4. c4 Nf6 5. Nc3 e6 6. Nf3 Bb4 7. c5 O-O 8. a3
Bxc3+ 9. bxc3 b6 10. cxb6 axb6 11. Bg5 Qc7 12. Qb3 Ne4 13. Bd2 Ba6 14. Bxa6
Rxa6 15. O-O Nc6 16. Rfc1 Na5 17. Qb5 Rfa8 18. Be3 Nc4 19. a4 Ra5 20. Qb4 b5
21. Ne1 h6 22. Nd3 Nxe3 23. fxe3 Rxa4 24. Rxa4 bxa4 25. c4 dxc4 26. Rxc4 Qa7
27. Qa3 Qa5 28. Rb4 Qh5 29. h3 Qd1+ 30. Kh2 Nd2 31. Nb2 Qc1 32. Kg3 Qe1+ 33.
Kf4 Qf2+ 34. Ke5 Qf5+ 35. Kd6 Qd5+ 36. Kc7 Qd8+ 37. Kc6 Ra6+ 38. Kb7 Qa8+ 0-1

[Event "Politiken Cup 2008"]
[Site "Helsingør DEN"]
[Date "2008.07.19"]
[Round "1.87"]
[White "Schultz-Pedersen, Jesper"]
[Black "Jogvansson, Hjalti Toftum"]
[Result "1/2-1/2"]
[WhiteElo "2165"]
[BlackElo "1750"]
[PlyCount "68"]
[EventDate "2008.07.20"]
[EventType "swiss"]
[EventRounds "9"]
[EventCountry "DEN"]
[Source "lmi"]
[SourceDate "2008.07.20"]
[WhiteTeam "Allerød"]
[BlackTeam "Havnar Telvingarfelag"]

1. e4 d5 2. exd5 Qxd5 3. Nc3 Qa5 4. Nf3 Nf6 5. Bc4 Bg4 6. h3 Bh5 7. Qe2 c6 8.
d3 e6 9. Bd2 Qc7 10. g4 Bg6 11. Ne5 Nbd7 12. Nxg6 hxg6 13. O-O-O O-O-O 14. f4
Nb6 15. Bb3 Bd6 16. Qf3 Kb8 17. Rhg1 Nbd5 18. f5 Nf4 19. Bxf4 Bxf4+ 20. Kb1
exf5 21. gxf5 g5 22. Ne2 Nh5 23. Nxf4 gxf4 24. Rg5 Ng3 25. Rxg7 Rxh3 26. Qg4
Rh5 27. Rxf7 Qe5 28. d4 Qxd4 29. Qxf4+ Rd6 30. Qxd4 Rxd4 31. Re1 Re4 32. Rd1
Rd4 33. Rg1 Rxf5 34. Rh7 Rf1+ 1/2-1/2

[Event "Politiken Cup 2008"]
[Site "Helsingør DEN"]
[Date "2008.07.19"]
[Round "1.88"]
[White "Haubro, Martin"]
[Black "Flindt, Thomas"]
[Result "1/2-1/2"]
[WhiteElo "1747"]
[BlackElo "2166"]
[PlyCount "37"]
[EventDate "2008.07.20"]
[EventType "swiss"]
[EventRounds "9"]
[EventCountry "DEN"]
[Source "lmi"]
[SourceDate "2008.07.20"]
[WhiteTeam "BMS"]
[BlackTeam "Næstved"]

1. e4 Nc6 2. f4 e5 3. Nf3 d6 4. Bc4 Be6 5. Bxe6 fxe6 6. O-O exf4 7. d4 e5 8. c3
Qf6 9. Qa4 O-O-O 10. d5 Nb8 11. Qxa7 g5 12. Na3 Qg6 13. Nd2 Nf6 14. Nb5 h5 15.
Re1 h4 16. Nc4 h3 17. Qb6 Qh7 18. Nxe5 cxb6 19. Na7+ 1/2-1/2

[Event "Politiken Cup 2008"]
[Site "Helsingør DEN"]
[Date "2008.07.19"]
[Round "1.89"]
[White "Andersen, Mads"]
[Black "Mæchel, Michael"]
[Result "1-0"]
[WhiteElo "2092"]
[BlackElo "1743"]
[PlyCount "73"]
[EventDate "2008.07.20"]
[EventType "swiss"]
[EventRounds "9"]
[EventCountry "DEN"]
[Source "lmi"]
[SourceDate "2008.07.20"]
[WhiteTeam "Skanderborg"]
[BlackTeam "Ålsgårde"]

1. e4 e5 2. Nf3 d6 3. d4 Bg4 4. dxe5 Nd7 5. exd6 Bxd6 6. Be3 Qe7 7. Bd3 Bc5 8.
Bxc5 Nxc5 9. Qe2 O-O-O 10. Nc3 Nxd3+ 11. cxd3 Nf6 12. h3 Bxf3 13. Qxf3 Qb4 14.
O-O-O Rhe8 15. Rhe1 Re5 16. Re2 a5 17. Rc2 a4 18. a3 Qd4 19. Ne2 Qd6 20. Rdd2
Qe6 21. Nc3 Qb3 22. d4 Re7 23. Qf4 Ne8 24. Nd5 Rxd5 25. exd5 Qa2 26. Re2 Qa1+
27. Kd2 Rxe2+ 28. Kxe2 Qb1 29. Qe4 Kd8 30. Qd3 Qg1 31. g4 Qg2 32. Qf3 Qxf3+ 33.
Kxf3 Nf6 34. Rc4 b5 35. Rc5 c6 36. dxc6 Kc7 37. d5 1-0

[Event "Politiken Cup 2008"]
[Site "Helsingør DEN"]
[Date "2008.07.19"]
[Round "1.90"]
[White "Kobberberg, Steen"]
[Black "Eriksson, Magnus"]
[Result "1/2-1/2"]
[WhiteElo "1710"]
[BlackElo "2163"]
[PlyCount "126"]
[EventDate "2008.07.20"]
[EventType "swiss"]
[EventRounds "9"]
[EventCountry "DEN"]
[Source "lmi"]
[SourceDate "2008.07.20"]
[WhiteTeam "Frederiksværk"]
[BlackTeam "Horndal"]

1. d4 Nf6 2. Nf3 e6 3. Bg5 h6 4. Bxf6 Qxf6 5. c3 d6 6. e3 Nd7 7. Bd3 b6 8. Nbd2
Bb7 9. Ne4 Qd8 10. Qe2 Be7 11. O-O O-O 12. Ned2 Re8 13. e4 e5 14. dxe5 dxe5 15.
Rad1 a6 16. Rfe1 Bf8 17. Nf1 Qe7 18. Ng3 g6 19. b4 b5 20. Qc2 c5 21. a3 Rac8
22. Qd2 Nb6 23. Qe3 Na4 24. Bf1 cxb4 25. cxb4 Rc3 26. Rd3 Rc7 27. Rc1 Rec8 28.
Rxc7 Qxc7 29. Qd2 Nb6 30. Qb2 Nc4 31. Qa1 Bg7 32. Rc3 Qd7 33. Qc1 Nb6 34. Rxc8+
Qxc8 35. Qe3 Nc4 36. Bxc4 Qxc4 37. h3 Bf6 38. Kh2 Kg7 39. Nd2 Qc1 40. Ne2 Qc2
41. Nb3 Bg5 42. f4 exf4 43. Qc3+ Qxc3 44. Nxc3 Bf6 45. Nd5 Bxd5 46. exd5 Bb2
47. Nc5 Bxa3 48. Nxa6 Kf8 49. Kg1 Ke7 50. Nc7 Bxb4 51. Nxb5 Bc5+ 52. Kf1 Kf6
53. Ke2 Ke5 54. Kf3 g5 55. Kg4 f5+ 56. Kh5 Kxd5 57. Kxh6 Be3 58. Kh5 Bd2 59.
Nc7+ Ke4 60. Ne6 f3 61. gxf3+ Kxf3 62. Nxg5+ Kg3 63. h4 Bc1 1/2-1/2

[Event "Politiken Cup 2008"]
[Site "Helsingør DEN"]
[Date "2008.07.19"]
[Round "1.91"]
[White "Holst, Conny"]
[Black "Nielsen, Jimmy Oste"]
[Result "1-0"]
[WhiteElo "2161"]
[BlackElo "1705"]
[PlyCount "105"]
[EventDate "2008.07.20"]
[EventType "swiss"]
[EventRounds "9"]
[EventCountry "DEN"]
[Source "lmi"]
[SourceDate "2008.07.20"]
[WhiteTeam "Limhamns SK"]
[BlackTeam "K41"]

1. d4 d5 2. c4 c6 3. Nf3 Nf6 4. Nc3 e6 5. e3 Bd6 6. Bd3 Nbd7 7. O-O O-O 8. b3
Re8 9. Qc2 h6 10. Bb2 e5 11. cxd5 Nxd5 12. Nxd5 cxd5 13. dxe5 Nxe5 14. Nxe5
Bxe5 15. Bxe5 Rxe5 16. Qc3 Re7 17. Rac1 Be6 18. Qd4 Rc7 19. f4 Rxc1 20. Rxc1
Rc8 21. Rxc8 Qxc8 22. h3 a6 23. Kh2 g6 24. Qe5 Qd7 25. g4 f5 26. Kg3 Kh7 27. h4
fxg4 28. h5 Bf5 29. Bxf5 Qxf5 30. Qe7+ Kg8 31. hxg6 Qxg6 32. Qd8+ Kg7 33. Qxd5
b5 34. Qd7+ Kh8 35. Qd4+ Kg8 36. e4 h5 37. Qd8+ Kg7 38. e5 Qe4 39. Qf6+ Kg8 40.
Kh4 Qh7 41. f5 Qg7 42. Qd8+ Qf8 43. Qd7 g3 44. Kxg3 Qc5 45. Qe8+ Kh7 46. Qxh5+
Kg8 47. f6 Qg1+ 48. Kf4 Qd4+ 49. Kf5 Qf2+ 50. Kg6 Qc2+ 51. Qf5 Qg2+ 52. Qg5 Qh3
53. f7+ 1-0

[Event "Politiken Cup 2008"]
[Site "Helsingør DEN"]
[Date "2008.07.19"]
[Round "1.93"]
[White "Dvoretska, Olena"]
[Black "Hansen, Anders"]
[Result "1-0"]
[WhiteElo "2156"]
[BlackElo "1682"]
[PlyCount "81"]
[EventDate "2008.07.20"]
[EventType "swiss"]
[EventRounds "9"]
[EventCountry "DEN"]
[Source "lmi"]
[SourceDate "2008.07.20"]
[BlackTeam "Harplinge"]

1. d4 b6 2. c4 e6 3. Nf3 Bb7 4. a3 Nf6 5. Nc3 d5 6. cxd5 exd5 7. g3 Be7 8. Bg2
O-O 9. O-O Nbd7 10. b4 a6 11. Qb3 Rb8 12. Bf4 Nh5 13. Nxd5 Bxd5 14. Qxd5 Nxf4
15. gxf4 Bd6 16. Ne5 Nxe5 17. fxe5 Be7 18. Qc4 b5 19. Qc3 Rb6 20. Rac1 Rg6 21.
Kh1 Qd7 22. Rg1 Qf5 23. Qf3 Qd7 24. d5 Rg5 25. Bh3 Qd8 26. Rxg5 Bxg5 27. Rg1 g6
28. Qe4 Bh6 29. Bg2 Qg5 30. e3 Qh5 31. Bf3 Qh3 32. Qg4 Qxg4 33. Bxg4 Rd8 34.
Rd1 Kf8 35. f4 Ke7 36. Kg2 f5 37. exf6+ Kxf6 38. h4 Bf8 39. e4 h5 40. Bh3 Be7
41. Rc1 1-0

[Event "Politiken Cup 2008"]
[Site "Helsingør DEN"]
[Date "2008.07.19"]
[Round "1.94"]
[White "Stockhaug, Jon Arne"]
[Black "Rosenkilde, Alexander"]
[Result "0-1"]
[WhiteElo "1682"]
[BlackElo "2156"]
[PlyCount "74"]
[EventDate "2008.07.20"]
[EventType "swiss"]
[EventRounds "9"]
[EventCountry "DEN"]
[Source "lmi"]
[SourceDate "2008.07.20"]
[WhiteTeam "Stjordal"]
[BlackTeam "Taastrup"]

1. Nf3 Nf6 2. c4 e6 3. d4 b6 4. g3 Bb7 5. Bg2 Be7 6. Nc3 Ne4 7. Qc2 Nxc3 8.
Qxc3 O-O 9. O-O c5 10. dxc5 bxc5 11. Bf4 d6 12. Rad1 Qc7 13. Rfe1 Rd8 14. e4
Nd7 15. Nd2 Bf6 16. Qc2 Ne5 17. Bxe5 Bxe5 18. Nf3 Bf6 19. Rd2 Rab8 20. Red1 Bc6
21. b3 a5 22. Ne1 Rb6 23. Qd3 a4 24. Nc2 axb3 25. axb3 Qb8 26. b4 cxb4 27. c5
Bb5 28. Qe3 dxc5 29. Rxd8+ Bxd8 30. Qxc5 Ba4 31. Rd2 b3 32. Qd4 Bg5 33. f4 bxc2
34. Rxc2 Bxc2 35. fxg5 Rb1+ 36. Kf2 Qb6 37. Qxb6 Rxb6 0-1

[Event "Politiken Cup 2008"]
[Site "Helsingør DEN"]
[Date "2008.07.19"]
[Round "1.96"]
[White "Eiholt, Bjarne"]
[Black "Schnabel, Andreas"]
[Result "1-0"]
[WhiteElo "1669"]
[BlackElo "2153"]
[PlyCount "68"]
[EventDate "2008.07.20"]
[EventType "swiss"]
[EventRounds "9"]
[EventCountry "DEN"]
[Source "lmi"]
[SourceDate "2008.07.20"]
[WhiteTeam "K41"]
[BlackTeam "SC Grunbach"]

1. d4 Nf6 2. c4 g6 3. Nc3 d5 4. Bf4 Bg7 5. Nf3 O-O 6. e3 c6 7. Be2 dxc4 8. Bxc4
Nbd7 9. O-O b5 10. Bd3 Bb7 11. Rc1 a6 12. Ne4 Nxe4 13. Bxe4 Qb6 14. Nd2 Rfd8
15. Bg5 Nf6 16. Bf3 h6 17. Bh4 Rac8 18. Qe2 g5 19. Bg3 Nd5 20. Nb3 e5 21. Rfd1
exd4 22. Nxd4 Ne7 23. h3 c5 24. Bxb7 Qxb7 25. Nb3 Qb6 26. Qf3 Rxd1+ 27. Rxd1
Rc6 28. Rd7 Bf8 29. h4 a5 30. hxg5 hxg5 31. Nd2 Rh6 32. Ne4 Rg6 33. Bd6 f5 34.
Bxe7 fxe4 1-0

[Event "Politiken Cup 2008"]
[Site "Helsingør DEN"]
[Date "2008.07.19"]
[Round "1.97"]
[White "Struch, Thomas"]
[Black "Næsborg, Jens Olav"]
[Result "1-0"]
[WhiteElo "2149"]
[BlackElo "1668"]
[PlyCount "55"]
[EventDate "2008.07.20"]
[EventType "swiss"]
[EventRounds "9"]
[EventCountry "DEN"]
[Source "lmi"]
[SourceDate "2008.07.20"]
[WhiteTeam "Gladsaxe"]
[BlackTeam "Torshavn"]

1. e4 d5 2. exd5 Nf6 3. d4 Nxd5 4. c4 Nb6 5. Nf3 Bf5 6. Nc3 Nc6 7. Be3 e6 8.
Bd3 Bg4 9. Be2 Be7 10. b3 Bb4 11. Qd2 Qf6 12. a3 Bxc3 13. Qxc3 O-O 14. O-O Nd7
15. Rac1 h6 16. d5 Qxc3 17. Rxc3 Ne7 18. h3 Bxf3 19. Bxf3 Ne5 20. Bc5 Nxf3+ 21.
Rxf3 Rfe8 22. Re1 Ng6 23. Rfe3 e5 24. g3 f5 25. Bd4 e4 26. f3 f4 27. Rxe4 fxg3
28. Rxe8+ 1-0